Investment incentives in Ghana : as provided under the GIPC act, 1994 (Act 478).
| Format: | Book |
|---|---|
| Published: |
Accra:
Ghana Investment Promotion Centre,
1994.
|
| Subjects: |
| LEADER | 00490cam a2200157 7i4500 | ||
|---|---|---|---|
| 001 | 0000005372 | ||
| 005 | 19991025090000.0 | ||
| 002 | ##000007001 | ||
| 020 | 0 | 0 | |a T000005501 |
| 090 | 0 | 0 | |a GHAN 332.6 |b INV |
| 245 | 0 | 0 | |a Investment incentives in Ghana : |b as provided under the GIPC act, 1994 (Act 478). |
| 260 | 0 | 0 | |a Accra: |b Ghana Investment Promotion Centre, |c 1994. |
| 300 | 0 | 0 | |a 40 p.. |
| 650 | 0 | 0 | |a Investments -- |z Ghana |
| 651 | 0 | 0 | |a Ghana |
| 999 | |a 0000008211 |b Book |c Open shelf |e Business Information Centre | ||